Making boxes, baskets & bowls

Bibliographic Details
Main Author: Asa, Warren J
Format: Book
Published: New York : Sterling Publishing , 1992
Subjects:

MARC

LEADER 00000cam a2200000 7i4500
001 0000001455
002 000001600
005 20000330.0
020 |a 0806982608 
090 0 0 |a 674.8   |b ASA 
100 1 |a Asa, Warren J 
245 1 0 |a Making boxes, baskets & bowls   |c Warren J. Asa 
260 |a New York :   |b Sterling Publishing ,   |c 1992 
300 |a 159p. ;   |c 25cm. 
650 0 0 |a Basket making 
650 0 0 |a Box craft 
999 |a 033035   |b BUKU   |c PINJAMAN   |e PERPUSTAKAAN KOMUNITI PETALING JAYA 
999 |a 033036   |b BUKU   |c PINJAMAN   |e PERPUSTAKAAN KOMUNITI PETALING JAYA